Iná optika z dúhovky sa dá vyčítať, ako choroby nás čakajú o päť rokov

Bibliographic Details
Main Authors: Kubišová, Tatiana (Author), Fesenko, Alexander (Author)
Format: Article
Language:Slovak
PhysicalDescription:Obr.
ISSN:1210-2040
Subjects:
Online Access:www.plus7dni.sk

MARC

LEADER 00000nab a2200000 a 4500
001 vtls009153961
003 SK-MaSNL
005 20260303223752.0
008 071026 2007 xo r r 000 0 slo
015 |a SNBRB2007/10  |2 kevkjb 
038 |a KEVKJB 
040 |a KEVKJB  |b slo  |c KEVKJB  |e AACR2 
041 0 |a slo 
044 |a xo  |c SK 
080 |a 617.721  |2 2001 
080 |a 616-079  |2 2001 
100 1 |a Kubišová, Tatiana  |4 aut  |9 265360 
245 1 0 |a Iná optika  |b z dúhovky sa dá vyčítať, ako choroby nás čakajú o päť rokov  |c Tatiana Kubišová, Alexander Fesenko 
300 |b Obr. 
650 0 7 |a iridológia  |2 kevkjb  |9 237983 
650 0 7 |a diagnostika (medicína)  |2 kevkjb  |9 28740 
650 0 7 |a dúhovka  |2 kevkjb  |9 237982 
650 0 7 |a alternatívna medicína  |2 kevkjb  |9 901 
700 1 |a Fesenko, Alexander  |4 aut  |9 1120230 
773 0 |t Plus 7 dní  |g Roč. XVII, č. 43 (2007), s. 76-78  |x 1210-2040 
852 |a KEVKJB  |b KIS3GCP 
856 4 1 |u www.plus7dni.sk 
958 |a MI 
999 |c 2249261  |d 2251191